| 000 | 00925nam a22003490a 4500 | ||
|---|---|---|---|
| 001 | PT61695 | ||
| 003 | AR-LpoUNG | ||
| 005 | 20210131232042.0 | ||
| 008 | 191001s2006||||ag |||||||||||||||||spa d | ||
| 020 |
_a9875034266 _c$23,50 |
||
| 040 |
_aAR-LpoUNG _bspa _cAR-LpoUNG _eaacr |
||
| 041 | _aspa | ||
| 044 | _aag | ||
| 082 | 0 | _a982.065 478ult | |
| 100 | 1 | _aVerbitsky, Horacio | |
| 245 | 1 | 3 | _aLa última batalla de la Tercera Guerra Mundial |
| 250 | _a1ra. ed. | ||
| 260 |
_aBuenos Aires : _bSudamericana - La Página, _c2006. |
||
| 300 |
_a284 p. : _bfot. |
||
| 650 | 4 | _aAMERICA LATINA | |
| 650 | 4 | _aANALISIS HISTORICO | |
| 650 | 4 | _aARGENTINA | |
| 650 | 4 | _aASPECTOS POLITICOS | |
| 650 | 4 | _aGUERRA | |
| 650 | 4 | _aHISTORIA POLITICA | |
| 650 | 4 | _aINVESTIGACION | |
| 650 | 4 | _aPOLITICA INTERNACIONAL | |
| 650 | 4 | _aRELACIONES INTERNACIONALES | |
| 653 | _aISLAS MALVINAS | ||
| 905 | _a61695 | ||
| 942 | _cLIB | ||
| 999 |
_c13471 _d13471 |
||